000 00895nas a2200325 4500
001 BR0900803
003 BR-BrBNA
005 20231205113058.0
007 ta
008 230509b bl.|||p| |||| 00| 00por d
040 _aBR-BrBNA
_bpor
_cBiblioteca Nacional de Agricultura
041 _a(Pt)
072 _aH60; F30
100 1 _aSouza Filho, A.P.S.
100 1 _aSantos, R.A.
100 1 _aSantos, L.S.
100 1 _aGuilhon, G.M.P.
100 1 _aSantos, A.S.
100 1 _aArruda, M.S.P.
100 1 _aMuller, A.H.
100 1 _aArruda, A.C.
245 1 _aPotencial alelopático de Myrcia guianensis
650 _aMYRCIA GUIANENSIS
650 _aALELOPATIA
650 _aÁCIDO
650 _aERVA DANINHA
773 0 _tPlanta Daninha (Brazil)
_xISSN 0100-8358
_g(2006), v. 24(4) p. 649-656
_wBR0900803
909 _a202311
_bLúcia
_c55
_dLúcia Elande
942 _2AGRIS
_n0
_cANA
999 _c201711
_d201711